Literatura infantil caribeña : (Registro nro. 45860)
[ vista simple ]
| 000 -CABECERA | |
|---|---|
| campo de control de longitud fija | 00632nam a2200169 a 4500 |
| 001 - NÚMERO DE CONTROL | |
| campo de control | 000046371 |
| 005 - FECHA Y HORA DE LA ÚLTIMA TRANSACCIÓN | |
| campo de control | 20201002052825.0 |
| 008 - DATOS DE LONGITUD FIJA--INFORMACIÓN GENERAL | |
| campo de control de longitud fija | 150805s1983 pr 000 0 spa d |
| 040 ## - FUENTE DE LA CATALOGACIÓN | |
| Centro catalogador/agencia de origen | DO-SdBNP |
| Lengua de catalogación | spa |
| Centro/agencia transcriptor | BNPHU |
| 082 ## - NÚMERO DE LA CLASIFICACIÓN DECIMAL DEWEY | |
| Número de clasificación | xxxx |
| Número de documento/Ítem | xxxx |
| 100 1# - ENTRADA PRINCIPAL--NOMBRE DE PERSONA | |
| Nombre de persona | Piñeiro de Rivera, Flor, |
| Fechas asociadas al nombre | 1922- |
| 9 (RLIN) | 74396 |
| 245 10 - MENCIÓN DE TÍTULO | |
| Título | Literatura infantil caribeña : |
| Resto del título | Puerto Rico, República Dominicana y Cuba / |
| Mención de responsabilidad, etc. | Flor Piñeiro de Rivera, Isabel Freire de Matos. |
| 260 ## - PUBLICACIÓN, DISTRIBUCIÓN, ETC. | |
| Lugar de publicación, distribución, etc. | Hato Rey, Puerto Rico : |
| Nombre del editor, distribuidor, etc. | Boriken Libros, |
| Fecha de publicación, distribución, etc. | 1983. |
| 300 ## - DESCRIPCIÓN FÍSICA | |
| Extensión | 123 p. ; |
| Dimensiones | 21 cm. |
| 500 ## - NOTA GENERAL | |
| Nota general | Incluye datos biográficos de las autoras |
| 700 12 - PUNTO DE ACCESO ADICIONAL--NOMBRE DE PERSONA | |
| Nombre de persona | Freire de Matos, Isabel, |
| Fechas asociadas al nombre | 1915- |
| 9 (RLIN) | 74397 |
| Estado de retiro | Estado de pérdida | Restricciones de uso | No para préstamo | Código de colección | Localización permanente | Ubicación/localización actual | Ubicación en estantería | Fecha de adquisición | Número de inventario | Total de préstamos | Signatura topográfica completa | Código de barras | Fecha visto por última vez | Precio válido a partir de | Tipo de ítem Koha | Nota pública |
|---|---|---|---|---|---|---|---|---|---|---|---|---|---|---|---|---|
| Excluido de préstamo | Monografías: Libros y Folletos | Patrimonio Dominicano | Patrimonio Dominicano | Depósito | 05.08.2015 | LF1 | xxxx xxxx | 46371-10 | 25.06.2020 | 25.06.2020 | No se presta | Perteneció a la biblioteca personal de Chiqui Vicioso / Fidelio Despradel. |
